Detroit Lions Playoff Roster - Statistics

General Stats
  • This quiz has been taken 23 times
  • The average score is 19 of 30
Answer Stats
Hint Answer % Correct
WR Amon-Ra St. Brown
100%
QB Jared Goff
100%
RB Jahmyr Gibbs
94%
HC Dan Campbell
88%
WR Jameson Williams
88%
RT Penei Sewell
88%
TE Sam LaPorta
88%
LT Taylor Decker
82%
WR Tim Patrick
82%
C Frank Ragnow
76%
PR Kalif Raymond
76%
DE Za'Darius Smith
76%
LG Graham Glasgow
71%
P Jack Fox
71%
H Jack Fox
71%
PK Jake Bates
71%
CB Terrion Arnold
71%
RG Kevin Zeitler
65%
S/NB Brian branch
59%
FS Kirby Joseph
59%
KR Craig Reynolds
53%
CB Amik Robertson
47%
DT DJ Reader
41%
LB Jack Cambell
35%
DE Josh Paschal
35%
DT Levi Onwuzurike
35%
LS Hogen Hatten
29%
SS Ifeatu Melifonwu
29%
LB Trevor Nowaske
24%
LB Ezekiel Turner
18%
No matching quizzes found
Score Distribution
Percent of People with Each Score
Percentile by Number Answered
Your Score History
You have not taken this quiz